01510cam a22003375i 4500999001700000001001000017003000900027005001700036008004100053020002500094040004500119082001900164245009400183246003700277246002500314264006200339300004300401336002600444337002800470338002700498490004200525500003200567504005100599520023000650650003500880653002700915700002700942700003400969942001201003952015701015 c27638d27609015102998EG-ScBUE20190922124644.0090328s2009 enka f bf 001 0 eng d a9780199566020 (pbk.) aStDuBDSbengerdacStDuBDSdUkdEG-ScBUE04a320.3bOXF22204aThe Oxford handbook of comparative politics /cedited by Carles Boix and Susan C. Stokes.30aHandbook of comparative politics30aComparative politics 1aOxford, United Kingdom :bOxford University Press,c2009. axi, 1021 p. :billustrations ;c25 cm. atextbtxt2rdacontent aunmediatedbn2rdamedia avolumebnc2rdacarrier0 aOxford handbooks of political science aOriginally published: 2007. aIncludes bibliographical references and index. aThis text offers a critical survey of empirical political science with contributions from 47 different scholars in the discipline. The reader is provided with key research methodologies, case-studies, and historical contexts. 7aComparative government.2BUEsh bMASPPSScSeptember20191 aBoix, Carles,eeditor.1 aStokes, Susan Carol,eeditor. 2ddccBB 00102ddc40708BaccahaMAINbMAINc1STd2019-09-22ePurchaseg550.00l2o320.3 OXFp000048101r2025-12-08 00:00:00s2025-12-07v687.50w2019-09-22yBB